00603 a2200181 4500001000700000003000400007005001700011008004100028082001900069100002100088245005400109260002800163300001000191653006400201942001200265999001500277952012900292068493OSt20220218123710.0  a418.0209bV56T1 aVenuti, Lawrence1 aThe translator's invisibilitycby Lawrence Venuti aLondonbRoutledgec2009 a319p. aTranslating and interpreting; English language--Translating 2ddccBK c2155d2155 00102ddc40708TXBaCURAJbCURAJd2012-03-07eENGg1595.00l1o418.0209 V56Tp2780r2024-09-12s2024-07-15w2020-09-02yBK